| 000 | 00741nam a2200217Ii 4500 | ||
|---|---|---|---|
| 003 | JO-AjNU | ||
| 008 | 230605s9999||||xx |||||||||||||| ||und|| | ||
| 017 | _a2003/6/1108 | ||
| 040 |
_aJO-AjNU _bara _erda _cJO-AjNU |
||
| 041 | _aara | ||
| 050 | 1 | 4 | _aJQ1850.A58.R3722.2003 |
| 100 | 3 |
_aراشد، أحمد إسماعيل, _eauthor _949302 |
|
| 245 | 0 | 0 | _aدراسات في قضايا قومية |
| 250 | _a(د،ط) | ||
| 264 | 3 | 1 | _aعمان : أحمد إسماعيل راشد ، 2003 |
| 300 | _a193ص | ||
| 336 |
_atext _btxt _2rdacontent |
||
| 337 |
_aunmediated _bn _2rdamedia |
||
| 338 |
_avolume _bnc _2rdacarrier |
||
| 650 | 4 |
_aالبلدان العربية -- العلوم السياسية -- القومية العربية _949303 |
|
| 999 |
_aA21646 _c25214 _d25214 |
||